History Quiz

Random History or Art Quiz

Historic Photographs of American Men Quiz Stats

 Plays Quiz Updated Jun 13, 2018

Challenge
Share
Tweet
Score 0/26 Timer 07:00
5 Plays Today
% Correct
Abraham Lincoln
99.8%
Ulysses S. Grant
91.6%
Thomas Edison
86.9%
George Armstrong Custer
86%
Robert E. Lee
72.3%
Andrew Johnson
72.3%
Frederick Douglass
67.9%
Benjamin Harrison
66.1%
Jefferson Davis
61.5%
P. T. Barnum
61.4%
Martin Van Buren
59.6%
James A. Garfield
59.5%
Samuel Morse
57.3%
% Correct
Walt Whitman
56.5%
Nathaniel Hawthorne
55.9%
Rutherford B. Hayes
54.5%
Brigham Young
51.1%
Abner Doubleday
45.5%
Millard Fillmore
44.9%
George Pickett
44.4%
Kit Carson
38.7%
Horace Greeley
28%
Salmon P. Chase
19.6%
John C. Frémont
17.7%
Lew Wallace
14.1%
Edward Gallaudet
12.7%

You're not logged in!

Compare scores with friends on all Sporcle quizzes.
OR
Log In

You Might Also Like...

Show Comments

Extras

Top Quizzes Today


Score Distribution

Your Account Isn't Verified!

In order to create a playlist on Sporcle, you need to verify the email address you used during registration. Go to your Sporcle Settings to finish the process.

Report this User

Report this user for behavior that violates our Community Guidelines.

Details: